| 000 | 00757nam a22002297a 4500 | ||
|---|---|---|---|
| 999 |
_c2454 _d2454 |
||
| 003 | AR-CdUCM | ||
| 008 | 190304b ||||| |||| 00| 0 spa d | ||
| 020 | _a987-43-0306-9 | ||
| 040 |
_aMUNICIPALIDAD PROVINCIAL DEL CUSCO _cBIBLIOTECA MUNICIPAL DEL CUSCO |
||
| 082 |
_a398.982 / _bEC18 |
||
| 100 |
_aEcheverría Baleta, Mario _98774 |
||
| 245 | _aRaíz folklórica de la Patagonia / | ||
| 260 |
_aAtelí : _bRio Gallegos, _c1999. |
||
| 300 |
_a80 páginas ; _bilustraciones ; _c21 cm. |
||
| 505 | _aContenido: Pueblo chonek nos deja su legado de canto, música, danzas e instrumentos. | ||
| 650 |
_aPatagonia _98775 |
||
| 650 |
_aFolklor _98776 |
||
| 650 |
_aMúsica-canto _98777 |
||
| 650 |
_aInstrumentos _98778 |
||
| 942 |
_2ddc _cLIBROS |
||
| 945 | _azta | ||